| 000 | 00333nam a2200133Ia 4500 | ||
|---|---|---|---|
| 008 | 191201s2004 xx 000 0 und d | ||
| 082 |
_a621.381 _bIBI |
||
| 100 | _aIBRAHIM, Ahmad M | ||
| 245 | 0 | _aIntroduction to Applied Fuzzy Electronics | |
| 260 |
_aN.Delhi _bPHI _c2004 |
||
| 300 | _a192 | ||
| 650 | _aB.Tech(ECE) | ||
| 942 |
_2ddc _cBK |
||
| 999 |
_c1288 _d1288 |
||